Harry Markowitz (Record no. 210391)
[ view plain ]
| 000 -LEADER | |
|---|---|
| fixed length control field | 01474nam a2200373Ia 4500 |
| 100 1# - MAIN ENTRY--AUTHOR NAME | |
| Personal name | Markowitz, H. |
| 245 10 - TITLE STATEMENT | |
| Title | Harry Markowitz |
| 260 ## - PUBLICATION, DISTRIBUTION, ETC. (IMPRINT) | |
| Place of publication | Singapore ; |
| -- | Hackensack, NJ : |
| Name of publisher | World Scientific, |
| Year of publication | c2008. |
| 300 ## - PHYSICAL DESCRIPTION | |
| Number of Pages | xvi, 700 p. : |
| Other physical details | ill. |
| 490 1# - SERIES STATEMENT | |
| Series statement | World Scientific nobel laureate series ; |
| 650 #0 - SUBJECT ADDED ENTRY--TOPICAL TERM | |
| Topical Term | Investment analysis. |
| Topical Term | Portfolio management. |
| Topical Term | Sparse matrices. |
| 700 1# - ADDED ENTRY--PERSONAL NAME | |
| Personal name | Markowitz, H. |
| 856 40 - ELECTRONIC LOCATION AND ACCESS | |
| Uniform Resource Identifier | http://site.ebrary.com/lib/rucke/Doc?id=10361616 |
No items available.
